Superstar lyrics - Statistics

General Stats
  • This quiz has been taken 83 times
  • The average score is 213 of 274
Answer Stats
Lyrics % Correct
I
97%
"I
97%
Superstar
97%
superstar
97%
you
97%
You
97%
you"
97%
a
94%
my
92%
no
92%
the
92%
to
92%
in
89%
me
89%
not
89%
on
89%
who
89%
your
89%
I'm
86%
of
86%
see
86%
see,
86%
and
83%
And
83%
be
83%
can't
83%
just
83%
love
83%
off
83%
that
83%
all
81%
but
81%
eyes
81%
girl
81%
know
81%
like
81%
So
81%
take
81%
wall,
81%
with
81%
every
78%
from
78%
Give
78%
hang
78%
I'd
78%
photograph
78%
tell
78%
things
78%
another
75%
are
75%
could
75%
help
75%
is
75%
knew
75%
one
75%
scream
75%
when
75%
When
75%
who's
75%
you'll
75%
face
72%
face,
72%
front
72%
name
72%
night
72%
nothing
72%
there
72%
This
72%
eyed
69%
girls
69%
row
69%
spotlight,
69%
wide
69%
beautiful
67%
desperately
67%
feel
67%
smile
67%
dim
64%
play
64%
special,
64%
first
61%
more
61%
never
61%
saw
61%
sing
61%
sleep
61%
wrong,
61%
comes
58%
guitar
58%
morning
58%
Morning
58%
town
58%
again
56%
ain't
56%
down
56%
everyone
56%
radio
56%
wish
56%
about
53%
invisible
53%
played
53%
Sweet,
53%
sweet,
53%
bars,
50%
breaking
50%
counting
50%
up
50%
around
47%
loneliness
47%
Misty
47%
rules
47%
dreaming
44%
right,
44%
today,
44%
wakes
42%
ways
42%
world
42%
babe
36%
note
33%
deperately
3%
No matching quizzes found
Score Distribution
Percent of People with Each Score
Percentile by Number Answered
Your Score History
You have not taken this quiz